000 01008nac a22002651i 4500
003 EG-ScBUE
005 20251216095256.0
008 250818t1984 stka f b 001 0 eng d
020 _a0249441683
040 _aEG-ScBUE
_beng
_erda
_cEG-ScBUE
_dEG-ScBUE
082 0 4 _a548.9
_bGRA
_222
100 1 _aGray, G. W.,
_eauthor.
245 1 0 _aSmectic liquid crystals :
_btextures and structures /
_cG. W. Gray, PhD, FRSC, FRS, Professor of Organic Chemistry, University of Hull, UK, and J. W. G. Goodby, PhD, MRSC, AT & T Bell Laboratories, New Jersey, USA.
264 1 _aGlasgow :
_bLeonard Hill,
_c[1984]
264 4 _cc1984
300 _a1 volume (various pagings) :
_billustrations (some color) ;
_c24 cm
336 _2rdacontent
_atext
_btxt
337 _aunmediated
_2rdamedia
_bn
338 _avolume
_bnc
_2rdacarrier
504 _aIncludes bibliographical references and index.
650 7 _aLiquid crystals.
_2BUEsh
655 _vReading book
700 1 _aGoodby, J. W. G.,
_eauthor.
942 _cBB
_2ddc
999 _c6119
_d6119